| 000 | 00549cas a22001935a 4500 | ||
|---|---|---|---|
| 001 | L138064 | ||
| 008 | 070515c1990 xxkqr p 0 a0eng u | ||
| 035 | _a(Sirsi) u138064 | ||
| 041 | 0 | _aeng | |
| 110 | 2 |
_aRoyal Institution of Chartered Surveyors _bCentral London Branch _9786 |
|
| 240 | 1 | 0 | _aCentral News |
| 245 | 0 | 0 | _aCentral |
| 260 |
_aLondon _bRICS _c1990- |
||
| 362 | 0 | _a[1] September 1990-2(3) 26 February 1993 | |
| 554 | _aQuarterly | ||
| 651 | 4 | _aLONDON | |
| 690 | _aMANAGEMENT-BUSINESS MANAGEMENT-PROFESSIONAL PRACTICE | ||
| 942 | _n0 | ||
| 999 |
_c118935 _d118935 |
||